Dictator Fun Facts - Statistics

General Stats
  • This quiz has been taken 7 times
    4 since last reset
  • The average score is 2 of 9
Answer Stats
Hint Answer % Correct
Ein österreichischer Maler Adolf Hitler
100%
Built bunkers over the course of his 40-year rule, ending up with one bunker for every three people in the nation Enver Hoxha
50%
Restricted his authority and reestablished the monarchy in his later years Francisco Franco
50%
Had very, very poor dental hygiene Mao Zedong
25%
Asked for extra copies of a career-threatening sextape to show everyone how good he was in bed Achmed Sukarno
0%
Made a very popular ringtone made up of recordings of his words Hosni Mubarak
0%
Had a pen pal who was a young girl from Michigan Manuel Noriega
0%
Outlawed Scrabble Nicolae Ceausescu
0%
Blasted his autobiography into space in 2005 Saparmyrat Nyyazow
0%
No matching quizzes found
Score Distribution
Percent of People with Each Score
Percentile by Number Answered
Your Score History
You have not taken this quiz since the last reset